| 000 | 00889nam a2200229 a 4500 | ||
|---|---|---|---|
| 001 | 39135 | ||
| 003 | BD-RjUL | ||
| 005 | 20211209052926.0 | ||
| 008 | 160405s2008 bg ||||e |||| 00| 0 ben d | ||
| 020 |
_a9847000000903 _cTK.100.00 |
||
| 035 | _a(BD-RjUL)39247 | ||
| 040 |
_aBD-RjUL _bben _cBD-RjUL |
||
| 041 | _aben | ||
| 082 |
_223 _a891.441 _bAHB 2008 |
||
| 100 |
_aআহসান, মোস্তফা তারিকুল _9119841 |
||
| 245 | 1 | 0 |
_aবাংলাদেশের কবিতা : _bউপলব্ধির উচ্চারণ / _cমোস্তফা তারিকুল আহসান |
| 260 |
_aঢাকা : _bজাতীয় সাহিত্য প্রকাশ , _c২০০৮. |
||
| 300 |
_a১০০ পৃ. ; _c২২ সেমি |
||
| 650 |
_aবাংলা কবিতা _9120753 |
||
| 650 |
_aBengali Poetry _9120754 |
||
| 942 |
_2ddc _cBK |
||
| 999 |
_c39135 _d39135 |
||